• 首页
  • 本馆介绍
  • 公告通知
  • 最新文献
  • 馆藏检索
  • 电子资源
  • 读者导购
  • 参考咨询
  • 我的图书馆
  • 登录
  • 详细信息显示
  • 放入我的书架
  • 预约/预借图书
  • 作者相关作品
  • 分类相关作品
  • 丛书相关作品
  • 出版社相关作品

书目信息

  • 表格格式
  • 工作单格式
  • 卡片格式
题名:
铁氧体物理学
    
 
作者: 李荫远 , 李国栋 著
分册:  
出版信息: 北京   科学出版社  1978
页数: 539页
开本: 20cm
丛书名:
单 册:
中图分类: O48
科图分类:
主题词: 固体物理学
电子资源:
ISBN:
000 00637nam0 2200253 45
001 0178000019
005 20040518081133.7
010    @dCNY2.50
091    @a1103.12-3
100    @a19950913d1978 em y0chiy0121 ea
101 0  @achi
102    @aCN@b110000
105    @ay z 000yy
106    @ar
200 10 @a铁氧体物理学@Atie yang ti wu li xue@f李荫远,李国栋著
205    @a修订本
210    @a北京@c科学出版社@d1978
215    @a539页@d20cm
606 0  @a固体物理学
690    @aO48
701  0 @a李荫远@Ali yin yuan@4著
701  0 @a李国栋@Ali guo dong@4著
801  0 @aCN@bNLC@c20040518
905    @f1@b4301@dO48@e1@b4299@f1
    
    铁氧体物理学/李荫远,李国栋著.-修订本.-北京:科学出版社,1978
    539页;20cm
    
    
    ISBN :CNY2.50
    
●
相关链接 在E读中查询图书 在五车中查询图书 在当当中查询图书 在豆瓣中查询图书


正题名:铁氧体物理学     索取号:O48/1         预约/预借

序号 登录号 条形码 馆藏地/架位号 状态 备注
1 0004299   001452699   密集书库/ [索取号:O48/1] 在馆    
2 0004300   001452680   第二样本阅览室/ [索取号:O48/1] 在馆    
3 0004301   001452733   第三借阅区/ [索取号:O48/1] 在馆    
唐山师范学院图书馆 欢迎您!
大连网信软件有限公司© 版权所有